Notas de métodos cuantitativos para los negocios (Registro nro. 40834)

Detalles MARC
000 -ENCABEZADO
Número de control [NR] 00975nam a2200229Ia 4500
008 - DE LONGITUD FIJA DE DATOS DE ELEMENTOS - INFORMACIÓN GENERAL
Elementos de longitud fija [NR] 130821s2011 ck a gr spa
020 ## - NUMERO INTERNACIONAL NORMALIZADO PARA LIBROS [R]
Número Internacional Normalizado del libro [NR] 9789588752068
040 ## - FUENTE DE CATALOGACION [NR]
Quien Cataloga
Quien Clasifica
Idioma de catalogación [NR] spa
041 00 - CODIGO DE IDIOMA [R]
Código de idioma para texto/pista de sonido o título separado [R] Español
100 1# - ASIENTO PRINCIPAL--NOMBRE PERSONAL [NR]
Nombre personal [NR] Jaramillo Álvarez, Francisco Javier
ID Autoridad 28721
245 10 - MENCION DE TITULO [NR]
Título [NR] Notas de métodos cuantitativos para los negocios
Mención de responsabilidad, etc. [NR] Francisco Javier Jaramillo Álvarez
260 ## - PUBLICACION, DISTRIBUCION, ETC. (PIE DE IMPRENTA) [R]
Lugar de publicación, distribución, etc. [R] Sabaneta (Antioquia, Colombia)
Nombre del editor, distribuidor, etc. [R] Fundación Universitaria CEIPA
Fecha de publicación, distribución, etc. [R] 2011
300 ## - DESCRIPCION FISICA [R]
Extensión [R] 58 páginas
Otros detalles físicos [NR] ilustraciones, gráficas
650 ## - ASIENTO SECUNDARIO DE MATERIA - TERMINO TEMATICO [R]
Término temático o nombre geográfico como elemento de entrada [NR] Administración de empresas
9 (RLIN) 435
650 #7 - ASIENTO SECUNDARIO DE MATERIA - TERMINO TEMATICO [R]
9 (RLIN) 18003
Término temático o nombre geográfico como elemento de entrada [NR] Investigación operacional
650 #7 - ASIENTO SECUNDARIO DE MATERIA - TERMINO TEMATICO [R]
9 (RLIN) 22565
Término temático o nombre geográfico como elemento de entrada [NR] Pronóstico de los negocios
Subdivisión de forma [R] Modelos matemáticos
650 #7 - ASIENTO SECUNDARIO DE MATERIA - TERMINO TEMATICO [R]
9 (RLIN) 25506
Término temático o nombre geográfico como elemento de entrada [NR] Toma de decisiones en administración
650 #7 - ASIENTO SECUNDARIO DE MATERIA - TERMINO TEMATICO [R]
Término temático o nombre geográfico como elemento de entrada [NR] Administración de empresas
Subdivisión de forma [R] Modelos matemáticos
9 (RLIN) 53178
710 2# - ASIENTO SECUNDARIO - NOMBRE CORPORATIVO [R]
Nombre corporativo o de jurisdicción como elemento de entrada [NR] Fundación Universitaria CEIPA
9 (RLIN) 28722
942 ## - ELEMENTOS DE ENTRADA AGREGADOS (KOHA)
Tipo de ítem principal el descrito en 300a Libro
Tema principal Administración
Edición 1
Parte restante de la signatura top. J371
Sistema de clasificación DEWEY
Clasificación 658.4033
Existencias
Fecha de último préstamo Signatura topográfica Código de barras Última vez visto Ejemplar Price effective from Tipo de ítem Perdido Sistema de clasificación Dañado No prestable Tipo de ítem específico Suprimido Ubicación habitual Ubicación actual Localización Fecha de creación Forma de adquisición Costo
13/12/2012 658.4033 J371 100127686 04/12/2025 Ej.1 03/02/2013 Libro   DEWEY     Libro   Claustro Claustro 4to piso 14/02/2013 Donación 26000.00